000 00960nam a22002297a 4500
005 20220808092442.0
008 220802b |||||||| |||| 00| 0 eng d
020 _a978-607-95788-5-5
040 _cChap
_erda
082 _a371.81086912
_bR17
_222
100 _9185330
_aRubén Ramírez, Arellano
245 _aMovimiento Estudiantil Chicano de Aztlán (MEChA), expresión y cultura :
_bsocialización y cultuta política entre estudiantes de origen mexicano en Bakersfield, California /
_cpor Rubén ramírez Arellano
264 _aMéxico :
_bInstituto Electoral del Estado de Guanajuato,
_c2019.
300 _a295 páginas.
336 _atexto
_btxt
_2rdacontenido
337 _asinmedio
_bn
_2rdamedia
338 _avolumen
_bnc
_2rdacarrier
650 0 _9185337
_aEstudiantes
_xMovimientos sociales
650 0 _9185332
_aInmigrantes
_xCondiciones sociales
_zEstados Unidos
650 0 _9185333
_aInmigrantes
_xMovimientos estudiantiles
942 _2ddc
_cLIBRO
999 _c217529
_d217529